[Event "Druzynowe Mistrzostwa Polski Juniorow - Ekstraliga 2018"]
[Site "Kudowa-Zdroj"]
[Date "1899-12-30"]
[Round "1.27"]
[White "Fiedorek, Michal"]
[Black "Jozefczyk, Szymon"]
[Result "1/2-1/2"]
[WhiteTitle "I"]
[BlackTitle "II"]
[WhiteElo "2066"]
[BlackElo "1734"]

1. e4 c5 2. Nf3 d6 3. d4 cxd4 4. Nxd4 Nf6 5. Nc3 a6 6. Be2 e5 7. Nb3 Be7 8. Be3
Be6 9. Qd3 Nbd7 10. Nd5 Bxd5 11. exd5 Qc7 12. c4 Rc8 13. O-O O-O 14. Rac1 b6 15.
Rfd1 Nc5 16. Qc2 Nxb3 17. Qxb3 Nd7 18. Qd3 Nc5 19. Qb1 a5 20. Bd3 Nxd3 21. Qxd3
f5 22. f3 g6 23. b3 Rfe8 24. Qe2 Bf6 25. a3 e4 26. f4 Qb7 27. b4 Qa6 28. Rc2 Re7
29. Rdc1 Rec7 30. g3 Bg7 31. Kg2 Bf6 32. Kf2 Be7 33. Bd4 Bf8 34. b5 Qb7 35. Kg2
Bg7 36. Be3 Bf6 37. Qf2 Rb8 38. Kh1 Rg7 39. Re1 Kf7 40. a4 Rgg8 41. Rd1 Rge8 42.
Qg2 Qd7 43. Qd2 Rec8 44. Rg1 Rg8 45. Qf2 Qb7 46. Kg2 Rh8 47. Kf1 Rhc8 48. Qe2
h5 49. Ke1 Qe7 50. Qf2 Qc7 51. Kd1 Bg7 52. Kc1 Rb7 53. Kb1 Qd8 54. Ka2 Qc7 55.
Kb3 Rbb8 56. h3 Rh8 57. Qf1 Qd7 1/2-1/2

[Event "Druzynowe Mistrzostwa Polski Juniorow - Ekstraliga 2018"]
[Site "Kudowa-Zdroj"]
[Date "1899-12-30"]
[Round "1.28"]
[White "Swiech, Lukasz"]
[Black "Madej, Marek"]
[Result "0-1"]
[WhiteTitle "II"]
[BlackTitle "I"]
[WhiteElo "1591"]
[BlackElo "1786"]

1. e4 c5 2. Nf3 e6 3. d4 cxd4 4. Nxd4 a6 5. Nc3 Qc7 6. Be2 b5 7. Be3 Bb7 8. Bf3
d6 9. O-O Nf6 10. a3 Nbd7 11. Nde2 Be7 12. Ng3 O-O 13. Be2 Rfd8 14. f4 Rac8 15.
Bf3 Nb6 16. Be2 Nc4 17. Bxc4 Qxc4 18. Qd3 Qc6 19. f5 d5 20. Bg5 dxe4 21. Qe2 e3
22. fxe6 Rd2 23. exf7+ Kh8 24. Qf3 Qb6 25. Nge4 e2+ 26. Rf2 Rxc3 27. Nxd2 Rxf3
28. gxf3 h6 29. Bh4 Qe3 30. Ne4 e1=Q+ 31. Rxe1 Qxe1+ 32. Kg2 Bxe4 33. Bxf6 gxf6
0-1

[Event "Druzynowe Mistrzostwa Polski Juniorow - Ekstraliga 2018"]
[Site "Kudowa-Zdroj"]
[Date "1899-12-30"]
[Round "1.29"]
[White "Harazinska, Magdalena"]
[Black "Surpeta, Julia"]
[Result "1-0"]
[WhiteTitle "k"]
[BlackTitle "I"]
[WhiteElo "1997"]
[BlackElo "1611"]

1. d4 c5 2. d5 d6 3. c4 g6 4. Nc3 Bg7 5. Qc2 e6 6. e4 Nf6 7. f4 exd5 8. cxd5 O-O
9. Nf3 a6 10. a4 Re8 11. Be2 Nxe4 12. Nxe4 Bf5 13. Nfd2 Qe7 14. Bd3 Bxe4 15. Bxe4
f5 16. Kd1 fxe4 17. Re1 Nd7 18. Nxe4 Nf6 19. Nxf6+ Qxf6 20. Be3 Qxb2 21. Qxb2
Bxb2 22. Rb1 Bc3 23. Bd2 Rxe1+ 24. Bxe1 Bxe1 25. Kxe1 Re8+ 26. Kf2 Re7 27. Rb6
Rd7 28. g4 Kf7 29. Kf3 Kf6 30. Ke4 g5 31. h3 h6 32. f5 Re7+ 33. Kd3 Ke5 34. Kc4
Rd7 35. Rb1 Kf6 36. Re1 Re7 37. Re6+ Rxe6 38. dxe6 Ke7 39. a5 Kf6 40. Kd5 Ke7
41. f6+ Ke8 42. Kxd6 c4 43. e7 c3 44. Ke6 1-0

[Event "Druzynowe Mistrzostwa Polski Juniorow - Ekstraliga 2018"]
[Site "Kudowa-Zdroj"]
[Date "1899-12-30"]
[Round "1.30"]
[White "Dylag, Emilia"]
[Black "Pawicka, Magdalena"]
[Result "1-0"]
[WhiteTitle "k"]
[BlackTitle "I"]
[WhiteElo "1989"]
[BlackElo "1718"]

1. d4 Nf6 2. c4 e6 3. Nf3 d5 4. Nc3 Be7 5. cxd5 exd5 6. Bg5 c6 7. Qc2 g6 8. e3
Bf5 9. Bd3 Bxd3 10. Qxd3 O-O 11. O-O Nbd7 12. Rfe1 Re8 13. Nd2 Bd6 14. h3 Be7
15. Rad1 Ne4 16. Bxe7 Qxe7 17. f3 Nxd2 18. Rxd2 Rad8 19. e4 dxe4 20. fxe4 Qg5
21. Rdd1 Nb6 22. a4 Nd7 23. Rf1 Re7 24. Qf3 Rde8 25. e5 Nb6 26. Ne4 Qh6 27. Nf6+
Kf8 28. Nxe8 Kxe8 29. b3 Nd5 30. Rde1 Qd2 31. Rd1 Qg5 32. Rfe1 Re6 33. Re4 Qe7
34. Rf1 Qd7 35. Kh1 Qc7 36. Re2 Qd7 37. Ref2 Re7 38. Qg3 Qc7 39. Qh4 h5 40. g4
Qd7 41. Rf3 Kd8 42. Rxf7 Kc7 43. Rxe7 Nxe7 44. Qg3 Qd5+ 45. Kh2 Qxd4 46. e6+ Qd6
47. Rd1 Qxg3+ 48. Kxg3 hxg4 49. Rd7+ Kc8 50. Rxe7 1-0

[Event "Druzynowe Mistrzostwa Polski Juniorow - Ekstraliga 2018"]
[Site "Kudowa-Zdroj"]
[Date "1899-12-30"]
[Round "2.1"]
[White "Lukasiewicz, Krzysztof"]
[Black "Szczurek, Krzysztof"]
[Result "1-0"]
[WhiteTitle "k"]
[BlackTitle "FM"]
[WhiteElo "2247"]
[BlackElo "2136"]

1. e4 e5 2. Nf3 Nf6 3. Nxe5 d6 4. Nf3 Nxe4 5. d4 d5 6. Bd3 Bd6 7. O-O O-O 8. c4
c6 9. Nc3 Nxc3 10. bxc3 h6 11. h3 Nd7 12. Re1 Qf6 13. cxd5 cxd5 14. Bc2 Bf4 15.
Ba3 Bd6 16. Bc1 Bf4 17. Rb1 Bxc1 18. Qxc1 Nb6 19. Ne5 Bf5 20. a4 Rac8 21. Bxf5
Qxf5 22. a5 Na4 23. Rxb7 Nxc3 24. Qe3 Ne4 25. Rxa7 Rc3 26. Qe2 Qc8 27. Rf1 Qb8
28. Qa6 Qb2 29. Ra8 Qb4 30. Nd7 Rxa8 31. Qxa8+ Kh7 32. Qxd5 Ng5 33. a6 Qa3 34.
Nc5 Rc1 35. Qb3 Rxf1+ 36. Kxf1 Qa1+ 37. Ke2 g6 38. Qd1 Qa2+ 39. Kf1 Ne6 40. Kg1
Nxc5 41. dxc5 Qxa6 42. Qd5 Qa1+ 43. Kh2 Qf6 44. Kg3 h5 45. f4 Kg8 46. Qe5 Qc6
47. f5 h4+ 48. Kh2 gxf5 49. Qxf5 Qc7+ 50. Kg1 Qd8 51. Qe5 Qd1+ 52. Kh2 Qc1 53.
Qd4 Qe1 54. Qd6 Qc3 55. c6 Kg7 56. c7 Kg8 57. Qf4 Kf8 58. Qh6+ Kg8 59. Qd6 Kg7
60. Qf4 Kf8 61. Qh6+ Kg8 62. Qxh4 Qxc7+ 63. Qg3+ Qxg3+ 64. Kxg3 Kg7 65. Kf3 Kh7
66. Kf4 Kg6 67. Kg4 f6 68. Kf4 f5 69. h4 Kf6 70. h5 1-0

[Event "Druzynowe Mistrzostwa Polski Juniorow - Ekstraliga 2018"]
[Site "Kudowa-Zdroj"]
[Date "1899-12-30"]
[Round "2.2"]
[White "Warchol, Bartosz"]
[Black "Sernecki, Franciszek"]
[Result "0-1"]
[WhiteTitle "I++"]
[BlackTitle "I+"]
[WhiteElo "1950"]
[BlackElo "2175"]

1. d4 c5 2. d5 e5 3. e4 d6 4. h3 Be7 5. Nf3 Nf6 6. Nc3 O-O 7. Be2 Ne8 8. Be3 g6
9. Qd2 f5 10. exf5 gxf5 11. Bh6 Rf6 12. Bg5 Rg6 13. Bxe7 Qxe7 14. O-O-O a6 15.
g4 b5 16. gxf5 Bxf5 17. Bd3 Ng7 18. Bxf5 Nxf5 19. Rhg1 Nd7 20. Rxg6+ hxg6 21.
Rg1 Nf8 22. Ne4 Re8 23. Nh2 Qh4 24. Ng4 Kg7 25. f3 Nh7 26. Qg2 Qh5 27. c3 Rf8
28. Ng3 Nxg3 29. Qxg3 Qg5+ 30. Kd1 Qf5 31. Kd2 Qxf3 32. Ne3 Qxg3 33. Rxg3 Rf4
34. Ke2 Nf6 35. Rg1 Kf7 36. Rh1 Nh5 37. Rg1 Rh4 38. Rf1+ Nf4+ 39. Kd2 Rxh3 40.
Rf2 Kg7 41. b3 Rh1 42. c4 Ra1 43. Kc3 b4+ 44. Kb2 Re1 45. Rf3 Re2+ 46. Nc2 Ng2
47. Kc1 Rxc2+ 0-1

[Event "Druzynowe Mistrzostwa Polski Juniorow - Ekstraliga 2018"]
[Site "Kudowa-Zdroj"]
[Date "1899-12-30"]
[Round "2.3"]
[White "Wieczorek, Mikolaj"]
[Black "Jozefczyk, Szymon"]
[Result "1/2-1/2"]
[WhiteTitle "I"]
[BlackTitle "II"]
[WhiteElo "1651"]
[BlackElo "1734"]

1. e4 c5 2. Nf3 d6 3. d4 cxd4 4. Nxd4 Nf6 5. Nc3 a6 6. Bg5 e6 7. f4 Be7 8. Qf3
h6 9. Bh4 Nbd7 10. O-O-O Rg8 11. Be2 g5 12. fxg5 hxg5 13. Bg3 g4 14. Qf2 Qb6 15.
Rhf1 Qc5 16. Nb3 Qxf2 17. Rxf2 Nc5 18. Nxc5 dxc5 19. Rdf1 Nh5 20. Rxf7 Nxg3 21.
hxg3 Bd6 22. Rh7 Bxg3 23. Na4 Bd6 24. Nb6 Rb8 25. Bc4 Rf8 26. Rxf8+ Bxf8 27. Rc7
Kd8 28. Rxc8+ Rxc8 29. Nxc8 Kxc8 30. Bxe6+ Kc7 31. Bxg4 b6 32. Kd2 Kd6 33. Kd3
Bg7 34. c3 a5 35. a4 Bf8 36. Bf5 Bh6 37. Kc4 Bc1 38. b3 Bf4 39. g4 Bd2 40. Bh7
Bf4 41. Kb5 Kc7 42. Bf5 Bd2 43. Kc4 Kd6 44. e5+ Kxe5 45. Kb5 Bxc3 46. Kxb6 Bb4
47. Bd7 Kf4 48. Kc6 Kg5 49. Kd5 Kf6 50. Ke4 Kg5 51. Ke5 Bc3+ 52. Kd5 Bb4 53. Kd6
c4+ 54. Kd5 cxb3 55. Kc4 b2 56. Bf5 1/2-1/2

[Event "Druzynowe Mistrzostwa Polski Juniorow - Ekstraliga 2018"]
[Site "Kudowa-Zdroj"]
[Date "1899-12-30"]
[Round "2.4"]
[White "Swiech, Lukasz"]
[Black "Bednarczyk, Mateusz"]
[Result "1-0"]
[WhiteTitle "II"]
[BlackTitle "II"]
[WhiteElo "1591"]
[BlackElo "1471"]

1. e4 c5 2. Nf3 e6 3. d4 cxd4 4. Nxd4 Nf6 5. Nc3 Nc6 6. f3 Bb4 7. Be3 d5 8. Bb5
Bd7 9. Bxc6 bxc6 10. e5 Ng8 11. a3 Ba5 12. Nb3 Bb6 13. Qd2 Bxe3 14. Qxe3 Ne7 15.
g4 Ng6 16. O-O-O Qb6 17. Nc5 Rb8 18. N3a4 Qd8 19. f4 h5 20. h3 h4 21. Rhf1 Bc8
22. f5 Nf8 23. Qf4 Qc7 24. Rde1 Rb5 25. Re2 a5 26. Ref2 Rg8 27. Qd4 Rh8 28. Nc3
Rb8 29. Ne2 Rb5 30. Nc3 Rb8 31. N3a4 Rb5 32. fxe6 Nxe6 33. Nxe6 Bxe6 34. Nc5 Qe7
35. Nxe6 Qxe6 36. Rxf7 Qxf7 37. Rxf7 Kxf7 38. Qf4+ Ke8 39. Qg5 Rb7 40. Qg6+ Rf7
41. Qxc6+ Rd7 42. e6 1-0

[Event "Druzynowe Mistrzostwa Polski Juniorow - Ekstraliga 2018"]
[Site "Kudowa-Zdroj"]
[Date "1899-12-30"]
[Round "2.5"]
[White "Frej, Zofia"]
[Black "Surpeta, Julia"]
[Result "1-0"]
[WhiteTitle "k"]
[BlackTitle "I"]
[WhiteElo "1938"]
[BlackElo "1611"]

1. d4 Nf6 2. Nf3 d6 3. e3 g6 4. Be2 Bg7 5. O-O O-O 6. c4 Bf5 7. Nc3 Na6 8. a3 c5
9. Bd3 Bg4 10. h3 cxd4 11. exd4 Bxf3 12. Qxf3 Qb6 13. Be3 e6 14. b4 Nd7 15. Nb5
Nab8 16. Rad1 a6 17. c5 dxc5 18. dxc5 Qc6 19. Nd6 Ne5 20. Qxc6 Nbxc6 21. Nxb7
Nxd3 22. Rxd3 Ne5 23. Rdd1 Nc4 24. Bc1 Rab8 25. Nd6 Nb2 26. Bxb2 Bxb2 27. Nc4
Bg7 28. Rd6 Ra8 29. Rfd1 Bf6 30. Nb6 Ra7 31. Nd7 Bb2 32. Nxf8 Kxf8 33. Rd8+ Ke7
34. c6 Bxa3 35. R8d7+ Rxd7 36. Rxd7+ Ke8 37. Rd3 1-0

[Event "Druzynowe Mistrzostwa Polski Juniorow - Ekstraliga 2018"]
[Site "Kudowa-Zdroj"]
[Date "1899-12-30"]
[Round "2.6"]
[White "Dylag, Emilia"]
[Black "Scisla, Oliwia"]
[Result "1-0"]
[WhiteTitle "k"]
[BlackTitle "I+"]
[WhiteElo "1989"]
[BlackElo "1345"]

1. d4 d5 2. c4 e6 3. Nc3 Nf6 4. cxd5 exd5 5. Bg5 Be7 6. e3 O-O 7. Qc2 h6 8. Bf4
c5 9. dxc5 Bxc5 10. Nf3 Nc6 11. a3 a6 12. Rd1 Bb6 13. Be2 Be6 14. h3 Rc8 15. O-O
Qd7 16. Qb1 Bf5 17. Bd3 Be6 18. Bc4 Ne7 19. Ne5 Qd8 20. Bb3 Bc7 21. Qa2 Ba5 22.
Nb1 Bc7 23. Nd2 Bxe5 24. Bxe5 Nd7 25. Bd6 Nf6 26. Bb4 Re8 27. Nc4 Ne4 28. Ba5
b6 29. Bxb6 Qd7 30. Ne5 Qb5 31. Bd4 Rb8 32. Bc2 Nf5 33. Bd3 Qb7 34. a4 Nxd4 35.
exd4 a5 36. Bb5 Rec8 37. Qa3 Rc7 38. Nd3 Qb6 39. Nf4 Nd6 40. Nxe6 fxe6 41. Rfe1
Nxb5 42. axb5 Re8 43. Qd3 Rc4 44. Qg6 Qxb5 45. Rxe6 Rxe6 46. Qxe6+ Kh8 47. Re1
Rxd4 48. Qc8+ Kh7 49. Qf5+ Kg8 50. Re7 Rd1+ 51. Kh2 Qb8+ 52. f4 Qf8 53. Qe6+ Kh7
54. g3 Rd2+ 55. Kg1 Rxb2 56. f5 Rb8 57. f6 a4 58. Qf5+ 1-0

[Event "Druzynowe Mistrzostwa Polski Juniorow - Ekstraliga 2018"]
[Site "Kudowa-Zdroj"]
[Date "1899-12-30"]
[Round "2.7"]
[White "Gazik, Viktor"]
[Black "Gumularz, Szymon"]
[Result "1/2-1/2"]
[WhiteTitle "IM"]
[BlackTitle "IM"]
[WhiteElo "2501"]
[BlackElo "2461"]

1. e4 c6 2. d3 d5 3. Nd2 e5 4. Ngf3 Bd6 5. b3 Nf6 6. Bb2 Qc7 7. Be2 O-O 8. O-O
Re8 9. Re1 a5 10. a3 Nbd7 11. Bf1 b6 12. c3 Nf8 13. Qc2 Ng6 14. g3 Be6 15. Rad1
Rad8 16. Qb1 h6 17. Bg2 Qc8 18. Bh1 Qc7 19. Bg2 Qc8 20. Bh1 Qc7 1/2-1/2

[Event "Druzynowe Mistrzostwa Polski Juniorow - Ekstraliga 2018"]
[Site "Kudowa-Zdroj"]
[Date "1899-12-30"]
[Round "2.8"]
[White "Czopor, Maciej"]
[Black "Godzwon, Iwo"]
[Result "0-1"]
[WhiteTitle "k"]
[BlackTitle "k"]
[WhiteElo "2217"]
[BlackElo "2218"]

1. e4 c5 2. Nf3 d6 3. d4 cxd4 4. Nxd4 Nf6 5. Nc3 g6 6. Be3 Bg7 7. f3 Nc6 8. Qd2
O-O 9. O-O-O d5 10. Qe1 e5 11. Nxc6 bxc6 12. exd5 Nxd5 13. Bc4 Be6 14. Kb1 h6
15. g4 Qf6 16. Bc5 Rfd8 17. Be2 Qf4 18. Ne4 Bxg4 19. c4 Bf5 20. cxd5 cxd5 21.
Qa5 Rdc8 22. Ba6 Rcb8 23. Bd6 dxe4 24. Bxb8 exf3+ 25. Ka1 Rxb8 26. Rd8+ Rxd8 27.
Qxd8+ Kh7 28. Qd5 Be6 29. Qc6 e4 30. Qc2 e3 31. Rf1 e2 32. Bxe2 fxe2 33. Rxf4
e1=Q+ 34. Qb1 Bxb2+ 0-1

[Event "Druzynowe Mistrzostwa Polski Juniorow - Ekstraliga 2018"]
[Site "Kudowa-Zdroj"]
[Date "1899-12-30"]
[Round "2.9"]
[White "Oborski, Artur"]
[Black "Fiedorek, Michal"]
[Result "0-1"]
[WhiteTitle "I+"]
[BlackTitle "I"]
[WhiteElo "1821"]
[BlackElo "2066"]

1. d4 Nf6 2. c4 g6 3. Nc3 Bg7 4. e4 d6 5. Nf3 O-O 6. Be2 Nbd7 7. O-O e5 8. Be3
Qe7 9. Qc2 c6 10. Rad1 exd4 11. Nxd4 Re8 12. f3 Ne5 13. Rfe1 a6 14. Bf1 c5 15.
Nb3 Be6 16. Nd2 Nh5 17. Nd5 Bxd5 18. exd5 Qc7 19. Ne4 Nf6 20. Nxf6+ Bxf6 21. Bf2
Reb8 22. a4 Re8 23. Qd2 a5 24. Qc2 Re7 25. h3 Rae8 26. f4 Nd7 27. Rxe7 Rxe7 28.
Re1 Nb8 29. b3 Na6 30. Re4 Rxe4 31. Qxe4 Kf8 32. Be1 Nb4 33. Bxb4 axb4 34. Be2
Bd4+ 35. Kh2 Qd8 36. Bd1 Qf6 37. Bg4 b6 38. Bd1 Bb2 39. Qe3 Ba1 40. Bg4 Bd4 41.
Qe4 Bf2 42. Bd1 Qc3 43. Kh1 Be3 44. Bc2 Qe1+ 45. Kh2 Qg1+ 46. Kg3 Qf2+ 0-1

[Event "Druzynowe Mistrzostwa Polski Juniorow - Ekstraliga 2018"]
[Site "Kudowa-Zdroj"]
[Date "1899-12-30"]
[Round "2.10"]
[White "Madej, Marek"]
[Black "Bogusz, Alan"]
[Result "0-1"]
[WhiteTitle "I"]
[BlackTitle "I"]
[WhiteElo "1786"]
[BlackElo "1637"]

1. e4 c5 2. Nf3 d6 3. d4 cxd4 4. Nxd4 Nf6 5. Nc3 a6 6. Be3 e5 7. Nf3 Be7 8. Bc4
O-O 9. O-O Qc7 10. Qe2 b5 11. Bd5 Bb7 12. Rad1 Nbd7 13. a3 Rac8 14. Ne1 Nxd5 15.
Nxd5 Bxd5 16. Rxd5 Nf6 17. Qd3 Nxd5 18. Qxd5 Qc6 19. Qxc6 Rxc6 20. c3 Rc4 21.
f3 d5 22. Nd3 f6 23. exd5 Rd8 24. Kf2 Rxd5 25. Ke2 Rc7 26. Nf2 f5 27. g3 Kf7 28.
g4 g6 29. Rh1 Rcd7 30. h4 Bc5 31. Bxc5 Rxc5 32. h5 Rcd5 33. hxg6+ hxg6 34. Rh7+
Kf6 35. Rxd7 Rxd7 36. gxf5 gxf5 37. Nd3 Rd6 38. Ke3 Ke6 39. Nf2 Kd5 40. b3 Rc6
41. Kd3 Re6 42. Ke3 a5 43. Nd3 Rc6 44. Kd2 Rh6 45. Ke3 Rh2 46. Nf2 Rg2 47. Ke2
a4 48. bxa4 bxa4 49. Ke3 f4+ 50. Ke2 Kc4 51. Kf1 Rxf2+ 52. Kxf2 Kxc3 53. Ke2 Kc2
54. Ke1 Kd3 55. Kf2 Kd2 56. Kf1 Ke3 57. Kg2 Ke2 58. Kg1 Kxf3 59. Kh2 Ke2 60. Kg2
f3+ 0-1

[Event "Druzynowe Mistrzostwa Polski Juniorow - Ekstraliga 2018"]
[Site "Kudowa-Zdroj"]
[Date "1899-12-30"]
[Round "2.11"]
[White "Jarocka, Liwia"]
[Black "Harazinska, Magdalena"]
[Result "1/2-1/2"]
[WhiteTitle "FM"]
[BlackTitle "k"]
[WhiteElo "1984"]
[BlackElo "1997"]

1. e4 c5 2. Nf3 e6 3. d4 cxd4 4. Nxd4 Nf6 5. Nc3 d6 6. Be3 a6 7. g4 b5 8. g5 Nfd7
9. Bg2 Ne5 10. a3 Nc4 11. Bc1 Qc7 12. Qe2 Bb7 13. O-O Be7 14. a4 bxa4 15. Rxa4
Nb6 16. Ra1 O-O 17. h4 Nc6 18. Nxc6 Qxc6 19. f4 d5 20. exd5 Bc5+ 21. Be3 exd5
22. Bxc5 Qxc5+ 23. Qf2 Qc7 24. Rad1 Rad8 25. Rd4 Rd6 26. Rfd1 Rfd8 27. Bf3 Kf8
28. Qe1 Qc5 29. Qf2 Qc7 30. Na4 Nc8 31. Nc3 Nb6 32. Nb1 1/2-1/2

[Event "Druzynowe Mistrzostwa Polski Juniorow - Ekstraliga 2018"]
[Site "Kudowa-Zdroj"]
[Date "1899-12-30"]
[Round "2.12"]
[White "Pawicka, Magdalena"]
[Black "Hertlein, Irena"]
[Result "1/2-1/2"]
[WhiteTitle "I"]
[BlackTitle "I+"]
[WhiteElo "1718"]
[BlackElo "1545"]

1. e4 c6 2. d4 d5 3. Nc3 dxe4 4. Nxe4 Bf5 5. Ng3 Bg6 6. h4 h6 7. Nf3 Nd7 8. h5
Bh7 9. Bd3 Bxd3 10. Qxd3 e6 11. Bd2 Ngf6 12. O-O-O Be7 13. Ne4 a5 14. c4 Nxe4
15. Qxe4 Nf6 16. Qe2 Bb4 17. a3 Bxd2+ 18. Rxd2 Rb8 19. Rhd1 O-O 20. Ne5 Qe8 21.
Qf3 Rc8 22. Kb1 b5 23. g4 Nh7 24. Qg2 f6 25. Ng6 Rf7 26. cxb5 cxb5 27. d5 Nf8
28. Nxf8 Rxf8 29. d6 Qd7 30. Qe4 Rc4 31. Qe2 Rfc8 32. Rd4 Rxd4 33. Rxd4 Rc5 34.
Qd2 a4 35. f3 Kh8 36. Qb4 Rc6 37. Rd1 Rc4 38. Qd2 Rc6 39. Qd3 Rc5 40. Qe3 Rc6
41. Qf4 Rc4 42. Qe3 Rc6 43. Qd4 Kg8 44. Qb4 Rc4 45. Qa5 Rc5 46. Qa8+ Rc8 47. Qa6
Kf7 48. Qb6 e5 49. Qe3 Rc6 50. Qd3 Rc5 51. Qe4 Kf8 52. Qb4 Rc4 53. Qe1 Rc6 54.
Qd2 Rc5 55. Qe2 Kf7 56. Qe4 Kf8 57. Rd5 Rc4 58. Qd3 Ke8 59. b3 axb3 60. Qxb3 Qc6
61. Rxb5 Rc1+ 62. Kb2 Rc2+ 63. Qxc2 Qxb5+ 64. Ka1 Qa6 65. Qc5 Qf1+ 66. Kb2 Qe2+
67. Kb1 Qd1+ 68. Kb2 Qe2+ 69. Qc2 Qb5+ 70. Qb3 Qe2+ 71. Qc2 Qb5+ 72. Ka1 Qa6 73.
a4 Qxd6 74. Qc8+ Kf7 75. Qc3 Qd1+ 76. Kb2 Qxa4 77. Qc7+ Kf8 78. Qd8+ Kf7 79. Qd5+
Kf8 80. Qd8+ Qe8 81. Qd6+ Kf7 82. Qd5+ Kf8 83. Qd6+ Kg8 84. Qd5+ Kh8 85. Qe4 Qc8
86. Kb3 Kg8 87. Qd5+ Kf8 88. Qe4 Kf7 89. Qg6+ Kf8 90. Qe4 Qb8+ 91. Kc3 Qc7+ 92.
Kd3 Qd6+ 93. Ke3 Qa3+ 94. Kf2 Qb2+ 95. Kg3 Qb8 96. Kh3 Ke7 97. Qg6 Qg8 98. Qe4
Qb3 99. Kg3 Qb5 1/2-1/2

[Event "Druzynowe Mistrzostwa Polski Juniorow - Ekstraliga 2018"]
[Site "Kudowa-Zdroj"]
[Date "1899-12-30"]
[Round "2.13"]
[White "Chylewski, Patryk"]
[Black "Pacan-milej, Kosma"]
[Result "1/2-1/2"]
[WhiteTitle "FM"]
[BlackTitle "FM"]
[WhiteElo "2335"]
[BlackElo "2282"]

1. d4 Nf6 2. c4 c5 3. Nf3 cxd4 4. Nxd4 e6 5. Nc3 Bb4 6. Qc2 O-O 7. e3 b6 8. Be2
Bb7 9. O-O Na6 10. Bd2 Nc5 11. Bf3 Bxf3 12. Nxf3 Rc8 13. a3 Bxc3 14. Bxc3 Nce4
15. Bxf6 Nxf6 16. Qe2 Qc7 17. Rac1 d5 18. Nd2 Qe5 19. Nf3 Qc7 20. Nd2 Qe5 21.
Nf3 Qc7 1/2-1/2

[Event "Druzynowe Mistrzostwa Polski Juniorow - Ekstraliga 2018"]
[Site "Kudowa-Zdroj"]
[Date "1899-12-30"]
[Round "2.14"]
[White "Raclawicki, Kacper"]
[Black "Sanz Wawer, Daniel"]
[Result "1/2-1/2"]
[WhiteTitle "I"]
[BlackTitle "k"]
[WhiteElo "1799"]
[BlackElo "2233"]

1. d4 Nf6 2. Nf3 e6 3. g3 c5 4. Bg2 Nc6 5. c4 cxd4 6. Nxd4 a6 7. O-O Qc7 8. b3
Be7 9. Bb2 O-O 10. Nc3 b6 11. Rc1 Bb7 12. Nd5 Qd8 13. Nxe7+ Qxe7 14. Qd2 Rfd8
15. Rfd1 Rac8 16. Qe3 Qc5 17. Nxc6 Bxc6 18. Bd4 Qh5 19. Bxf6 gxf6 20. Rd6 b5 21.
c5 Bxg2 22. Kxg2 Rc6 23. Rd4 Rdc8 24. b4 d6 25. Rxd6 Rxd6 26. cxd6 Qd5+ 27. f3
Rxc1 28. Qxc1 Qxd6 29. Qc3 Kg7 30. h4 Qd5 31. a3 Qa2 32. Qe3 Qb2 33. Qd3 f5 34.
Qe3 h6 35. Kf2 Qa1 36. Kg2 e5 37. Qd3 f4 38. Qf5 fxg3 39. Qg4+ Kf6 40. e4 Ke7
41. Qg7 Qa2+ 42. Kxg3 Qe6 43. Qg4 Qb6 44. Kg2 Qe3 45. Qf5 Qe2+ 46. Kg3 Qe1+ 47.
Kh3 Qh1+ 48. Kg3 Qe1+ 49. Kh3 Qf1+ 50. Kg3 Qe1+ 1/2-1/2

[Event "Druzynowe Mistrzostwa Polski Juniorow - Ekstraliga 2018"]
[Site "Kudowa-Zdroj"]
[Date "1899-12-30"]
[Round "2.15"]
[White "Redzisz, Michal"]
[Black "Czernecki, Andrzej"]
[Result "1-0"]
[WhiteTitle "I"]
[BlackTitle "II+"]
[WhiteElo "1937"]
[BlackElo "1472"]

1. e4 c5 2. Nf3 d6 3. d4 cxd4 4. Nxd4 Nf6 5. Nc3 Nc6 6. Bg5 e6 7. Qd2 a6 8. O-O-O
Bd7 9. f4 h6 10. Bh4 Nxe4 11. Qe1 Nf6 12. Nf5 Qa5 13. Nxd6+ Bxd6 14. Rxd6 Nb4
15. a3 Nbd5 16. Qe5 Bc6 17. Nxd5 Bxd5 18. c4 Rc8 19. Bd3 Qa4 20. Bxf6 Bxc4 21.
Bxc4 Qxc4+ 22. Kb1 Qc2+ 23. Ka1 gxf6 24. Qxf6 Qxg2 25. Rhd1 O-O 26. R6d3 Qxh2
27. f5 e5 28. R3d2 Qg3 29. Qxh6 Qg7 30. Qh2 Rc4 31. Rg1 Rg4 32. Rxg4 Qxg4 33.
Rg2 Qxg2 34. Qxg2+ 1-0

[Event "Druzynowe Mistrzostwa Polski Juniorow - Ekstraliga 2018"]
[Site "Kudowa-Zdroj"]
[Date "1899-12-30"]
[Round "2.16"]
[White "Matela, Krzysztof"]
[Black "Marcinczyk, Monika"]
[Result "1/2-1/2"]
[WhiteTitle "I"]
[BlackTitle "WCM"]
[WhiteElo "1734"]
[BlackElo "1891"]

1. e4 c5 2. Ne2 Nc6 3. g3 g6 4. Bg2 Bg7 5. c3 Nf6 6. f4 d6 7. d4 cxd4 8. Nxd4 Nxd4
9. cxd4 Qb6 10. Nc3 O-O 11. e5 dxe5 12. fxe5 Ng4 13. Nd5 Qd8 14. O-O f5 15. Bg5
Rf7 16. h3 Nh6 17. Qd2 f4 18. Rxf4 Nf5 19. g4 h6 20. gxf5 hxg5 21. Rf2 Bxf5 22.
Ne3 e6 23. Nxf5 gxf5 24. d5 Bxe5 25. dxe6 Rg7 26. Bd5 Qb6 27. Kf1 Qb5+ 28. Kg1
Bf4 29. Qd4 Kh7 30. a4 Qb6 31. Qxb6 axb6 32. Kg2 Ra5 33. Bb3 Re5 34. Rd1 Re3 35.
Bc2 Kg6 36. Rd7 Re5 37. Bb3 Kf6 38. Rd6 Re7 39. Rc2 Re3 40. Rxb6 Rg3+ 41. Kf1
Rxh3 42. Rb5 Be3 43. Kg2 g4 44. Rc8 Rf3 45. Rf8+ Kg5 46. Rf7 Rf2+ 47. Kg3 Rf3+
48. Kg2 Rf2+ 49. Kg3 Rf3+ 50. Kh2 Rf2+ 1/2-1/2

[Event "Druzynowe Mistrzostwa Polski Juniorow - Ekstraliga 2018"]
[Site "Kudowa-Zdroj"]
[Date "1899-12-30"]
[Round "2.17"]
[White "Moscicka, Pola"]
[Black "Sowa, Wiktoria"]
[Result "1-0"]
[WhiteTitle "k+"]
[BlackTitle "k"]
[WhiteElo "1934"]
[BlackElo "1952"]

1. d4 Nf6 2. c4 g6 3. Nc3 d5 4. cxd5 Nxd5 5. e4 Nxc3 6. bxc3 Bg7 7. Nf3 c5 8. Be3
Qa5 9. Qd2 O-O 10. Rc1 Rd8 11. d5 e6 12. Bg5 f6 13. c4 Qa4 14. Be3 exd5 15. exd5
b6 16. Be2 Nc6 17. O-O Nb4 18. a3 Qxa3 19. Ra1 Qb3 20. Rfc1 f5 21. Bd4 cxd4 22.
Rab1 Qa2 23. Rb2 Qa5 24. Qxb4 d3 25. Qe7 Bd7 26. Ng5 dxe2 27. Rxe2 Re8 28. Qf7+
Kh8 29. Rxe8+ Bxe8 30. Qb7 Qd2 31. Rf1 Rd8 32. Qe7 Rc8 33. Ne6 Qc3 34. c5 Bb5
35. d6 bxc5 36. Qb7 Re8 37. Qxb5 Rg8 38. Nxg7 Qxg7 39. Qxc5 Rd8 40. Rd1 Qd7 41.
f3 Kg8 42. Kf2 Re8 43. Qd5+ Kh8 44. Rc1 Re6 45. Rc7 Qe8 46. Qd4+ Re5 47. Re7 1-0

[Event "Druzynowe Mistrzostwa Polski Juniorow - Ekstraliga 2018"]
[Site "Kudowa-Zdroj"]
[Date "1899-12-30"]
[Round "2.18"]
[White "Starosta, Martyna"]
[Black "Trzaskowska, Hanna"]
[Result "1-0"]
[WhiteTitle "WCM"]
[BlackTitle "I"]
[WhiteElo "1740"]
[BlackElo "1505"]

1. e4 e5 2. Nf3 Nc6 3. Bb5 a6 4. Ba4 Nf6 5. O-O Be7 6. Re1 b5 7. Bb3 d6 8. h3 Na5
9. c3 Nxb3 10. Qxb3 Be6 11. Qd1 c5 12. d4 cxd4 13. cxd4 Qc7 14. Nbd2 O-O 15. Nf1
exd4 16. Nxd4 d5 17. e5 Nd7 18. f4 Bc5 19. Be3 Bxd4 20. Bxd4 Rae8 21. Rc1 Qb8
22. Ng3 f5 23. exf6 Nxf6 24. Qf3 Qd8 25. Red1 Bf7 26. Bc5 Ne4 27. Bxf8 Nxg3 28.
Qxg3 Rxf8 29. Rc6 Qa8 30. Rdc1 Qa7+ 31. Kh1 Qd4 32. b3 Bg6 33. Rc8 Qf6 34. Rxf8+
Qxf8 35. Qe3 Bf5 36. Qe5 Qf7 37. Rc7 1-0

[Event "Druzynowe Mistrzostwa Polski Juniorow - Ekstraliga 2018"]
[Site "Kudowa-Zdroj"]
[Date "1899-12-30"]
[Round "2.19"]
[White "Koziol, Kamil"]
[Black "Szpar, Milosz"]
[Result "0-1"]
[WhiteTitle "FM"]
[BlackTitle "FM"]
[WhiteElo "2257"]
[BlackElo "2349"]

1. e4 c5 2. Nf3 Nc6 3. Bb5 g6 4. O-O Bg7 5. Re1 e5 6. Bxc6 bxc6 7. c3 Ne7 8. d4
cxd4 9. cxd4 exd4 10. Nxd4 O-O 11. Nc3 Rb8 12. e5 c5 13. Nf3 Bb7 14. Bg5 h6 15.
Be3 Qa5 16. Qd6 Bxf3 17. Qxe7 Bc6 18. Qxc5 Qxc5 19. Bxc5 Rfe8 20. Bxa7 Rxb2 21.
Bd4 d6 22. Ne4 Rb4 23. Nxd6 Rxd4 24. Nxe8 Bxe8 25. Rad1 Rb4 26. e6 f5 27. Rb1
Ra4 28. Rb8 Kf8 29. Re2 Ra7 30. g3 Ke7 31. h4 Rc7 32. Kg2 g5 33. hxg5 hxg5 34.
Rd2 Bc6+ 35. Kf1 Kxe6 36. Ke2 g4 37. Kd3 Be4+ 38. Ke2 Bf3+ 39. Kd3 Rc3# 0-1

[Event "Druzynowe Mistrzostwa Polski Juniorow - Ekstraliga 2018"]
[Site "Kudowa-Zdroj"]
[Date "1899-12-30"]
[Round "2.21"]
[White "Oleksy, Krzysztof"]
[Black "Chyzy, Jakub"]
[Result "0-1"]
[WhiteTitle "I"]
[BlackTitle "k"]
[WhiteElo "1813"]
[BlackElo "2100"]

1. e4 e6 2. d3 c5 3. Nd2 Nc6 4. Ngf3 Nge7 5. g3 g6 6. Bg2 Bg7 7. O-O O-O 8. Re1
d6 9. Nf1 b5 10. h4 h6 11. Ne3 d5 12. Qe2 f5 13. exd5 exd5 14. Nd1 a5 15. Bf4
Ra7 16. Rb1 b4 17. c3 Kh7 18. Qd2 d4 19. c4 a4 20. Ne5 Nxe5 21. Bxe5 Ng8 22. f4
a3 23. b3 Re7 24. Bxg7 Kxg7 25. Nf2 Rfe8 26. Nh3 Nf6 27. Bf3 Ng4 28. Bxg4 fxg4
29. Nf2 Bf5 30. Rxe7+ Qxe7 31. Kf1 Qe3 32. Qxe3 Rxe3 33. Re1 Bxd3+ 34. Nxd3 Rxd3
35. Re5 Rd2 36. Rxc5 Rxa2 37. Ra5 Rb2 38. c5 a2 0-1